Scientific insights in yoga / (Record no. 169294)

MARC details
000 -LEADER
fixed length control field 00609nam a2200193 4500
005 - DATE AND TIME OF LATEST TRANSACTION
control field 20191114101252.0
010 ## - LCCN (DPL NO)
LC control number ENG-126886
020 ## - INTERNATIONAL STANDARD BOOK NUMBER
International Standard Book Number 9789352668991
Terms of availability 450.00
035 ## - SYSTEM CONTROL NUMBER
System control number EN-110418
037 ## - SOURCE OF ACQUISITION
Source of stock number/acquisition DBAD/PUB
082 ## - DEWEY DECIMAL CLASSIFICATION NUMBER
Classification number 230.42
100 ## - MAIN ENTRY--PERSONAL NAME
Personal name Singh, Shashi Bala
245 ## - TITLE STATEMENT
Title Scientific insights in yoga /
Statement of responsibility, etc by Shashi Bala Singh [and] K.P.Mishra
260 ## - PUBLICATION, DISTRIBUTION, ETC. (IMPRINT)
Place of publication, distribution, etc New Delhi
Name of publisher, distributor, etc Prabhat Prakashan
Date of publication, distribution, etc 2018
270 ## - ADDRESS
Address 4/19, Asaf Ali Road
City New Delhi
Postal code 110002
Telephone number 011-23289777
Electronic mail address prabhatbooks@gmail.com
300 ## - PHYSICAL DESCRIPTION
Extent 224p.
Dimensions 21cm(pbk)
700 ## - ADDED ENTRY--PERSONAL NAME
Personal name Mishra, K.P.
942 ## - ADDED ENTRY ELEMENTS (KOHA)
Source of classification or shelving scheme Dewey Decimal Classification
Item type English Books
Classification part 230.42
Call number suffix SIN
Holdings
Withdrawn status Lost status Not for loan Collection code Home library Current library Date acquired Source of acquisition Cost, normal purchase price Full call number Barcode Copy number Cost, replacement price Koha item type
      Non-fiction Central Library Central Library 14/11/2019 DBAD/PUB 450.00 230.42 SIN EN-110418 1 450.00 English Books

© Delhi Public Library
Hit Counter
free hit counter